000 00723nam a22002417a 4500
005 20251108170805.0
008 250721s1998 xx 000 0 ara d
082 1 4 _a218,41/وان
100 1 _aوانلي، خير الدين
245 1 0 _aالمسجد في الإسلام :
_bأحكامه - آدابه- بدعة /
250 _aط 4
264 1 _aعمان :
_bالمكتبة الإسلامية،
_c1998.
300 _a456ص
650 1 7 _aالمساجد
650 1 7 _aالإسلام
650 1 7 _aالبناء
650 1 7 _aالأحكام
650 1 7 _aبدع المساجد
650 1 7 _aالآذان و الإقامة
650 1 7 _aالآداب الإسلامية
942 _2ddc
_cBK
999 _c49035
_d49035